| 000 -LEADER |
| fixed length control field |
00893cam a2200253 a 4500 |
| 001 - CONTROL NUMBER |
| control field |
10851 |
| 003 - CONTROL NUMBER IDENTIFIER |
| control field |
BD-DhUAP |
| 005 - DATE AND TIME OF LATEST TRANSACTION |
| control field |
20210130164028.0 |
| 008 - FIXED-LENGTH DATA ELEMENTS--GENERAL INFORMATION |
| fixed length control field |
200303s1998 bg abf b f000 0 eng |
| 020 ## - INTERNATIONAL STANDARD BOOK NUMBER |
| International Standard Book Number |
9780195643626 |
| 020 ## - INTERNATIONAL STANDARD BOOK NUMBER |
| International Standard Book Number |
0195643623 |
| 040 ## - CATALOGING SOURCE |
| Original cataloging agency |
BD-DhUAP |
| Transcribing agency |
BD-DhUAP |
| Modifying agency |
BD-DhUAP |
| Language of cataloging |
Eng |
| 082 ## - DEWEY DECIMAL CLASSIFICATION NUMBER |
| Classification number |
954.0355 GOR |
| Edition number |
23 |
| 100 ## - MAIN ENTRY--PERSONAL NAME |
| Personal name |
Goradia, Nayana. |
| 245 ## - TITLE STATEMENT |
| Title |
Lord Curzon : |
| Remainder of title |
the last of the British Moghuls / |
| Statement of responsibility, etc. |
Nayana Goradia. |
| 260 ## - PUBLICATION, DISTRIBUTION, ETC. |
| Place of publication, distribution, etc. |
Delhi : |
| Name of publisher, distributor, etc. |
Oxford University Press, |
| Date of publication, distribution, etc. |
c2007. |
| 300 ## - PHYSICAL DESCRIPTION |
| Extent |
306 pages : |
| Other physical details |
illustrations ; |
| Dimensions |
22 cm. |
| 490 ## - SERIES STATEMENT |
| Series statement |
Oxford India paperbacks. |
| 504 ## - BIBLIOGRAPHY, ETC. NOTE |
| Bibliography, etc. note |
Includes bibliographical references and index. |
| 600 ## - SUBJECT ADDED ENTRY--PERSONAL NAME |
| Personal name |
Curzon of Kedleston, George Nathaniel Curzon, -- Marquess, -- 1859-1925 -- Biography |
| 600 ## - SUBJECT ADDED ENTRY--PERSONAL NAME |
| Personal name |
India -- Politics and government -- 1857-1919. |
| 942 ## - ADDED ENTRY ELEMENTS (KOHA) |
| Source of classification or shelving scheme |
|
| Koha item type |
Book |